Kaija Koon kappaleita lyriikoiden mukaan - Statistics

Yleistilastot
  • Tätä visaa on pelattu 137 kertaa
  • Keskiarvotulos 5 / 15
Vastaustilastot
Sanat Kappale % Oikein
Hei Ei ei en sitä salaa Näillä teillä loppuun palaa Tinakenkätyttö
99%
Surujen sillalta näin Tummien aaltojen uivan merelle päin Ne ikäväni pintaan sai Ja lokit kirkui ne karanneet on Hitchcockin linnuista kai Kuka keksi rakkauden
78%
Taas me kohdataan kun päiviä ois mennyt vaan Elämälle kiitos, jatketaan Siitä mihin jäätiin viimeksi kun tavattiin Supernaiset
70%
Mä olen kyllästynyt niihin Voimiin, jotka ohjailee mun elämää Jotka vie mukanaan ja itseensä rakastuttaa Vapaa
59%
Tuli siivous päätökseen, helpommin hengittää voin Lattialle pudonneen sormuksen mustaan nieluun imuroin Vanhaa suolaa
20%
Se oli kaunis kevät päivä Säteet auringon sinkoili pinnalta jään Isä toiveikkaana taivaalle katsellen Viritti liidintään Viimeinen lento
19%
En tiedä mitä mä teen On aamuyö ja jokin ilmassa värähtelee Taas lisää uutta nimii CV: seen Mä pidän huolen että yksin et kotiin mee Tule lähemmäs beibi
18%
Minä en tiedä mitään, kauniimpaa kuin sinä Sinun silmäsi aamullakin loistaa tähtinä Minun tuulessa soi
17%
Kysymättä sä kävelet sisään niinkuin aina, Isältäsi näytät Sulla ei ole asiaa, kysyn onko nälkä, haluatko syödä Kengät jo riisuit pois Hetkeksi vain jäädä voit Sydän vähän kallellaan
15%
On lauantai-iltapäivä ja yöperhoset liitää vatsassa taas On sulla palava halu jälleen sotaratsulla ratsastaa Operaatio jalokivimeri
14%
En tiedä onko enkeleitä tai jumalaista valoo Mut jos on joku karma nii jotain hyvää tehnyt oon Sateenkaari pimeässä
11%
Poika kääntää kahvinkeittimen kii hän laittaa ikkunan säppiin heittää hyvästit huoneelleen hän odottelee hissiään Tuulten viemää
11%
He ovat kuin paita ja peppu he ovat kuin reppu ja reissumies He ovat pummi ja pummitar kivenä lakerikengässäsi kenties Erottamattomat
9%
Tuulia, tyttö haistelee ja miettii missä tänään liput liehuu huuliaan, hän maistelee ja lähtee sinne missä kiehuu Vedet virtailee
9%
Sä tarjosit mulle takkisi sateella Ja meidän sydämet löysit kirpputorilta Joku jonka vuoksi kuolla
8%
Ehtoja vastaavia visoja ei löytynyt
Tulosjakauma
Jokaisen tuloksen saaneiden osuus
Persentiili vastausten määrän mukaan
Tuloshistoriasi
Et ole pelannut tätä visaa